000 00391 a2200085 4500
999 _c19292
_d19292
003 WA 310
005 20220401101333.0
008 220401s1999 pl ||||f u||| 00| 0 pol d
040 _aWA 310
_cWA 310
041 _apol
_heng
245 0 0 _aAspekty sieciowe (NA) - Kodowanie cyfrowe sygnałów składowych telewizji kolorowej do zastosowań o jakości stosowanej w liniach połączeniowych w zakresie przepływności 34-45 Mbit/s =
_bNetwork Aspects (NA) - Digital coding of component television signals for contribution quality applications in the range 34-35 Mbit/s - Amendment A1 PN-ETS 300 174:1997/A1:1999P /
246 1 3 _aPN-ETS 300 174:1997/A1
246 1 3 _aICS 33.040.40, 33.170, 35.040
246 1 3 _aZmiana do Polskiej Normy
246 3 1 _aNetwork Aspects (NA) - Digital coding of component television signals for contribution quality applications in the range 34-35 Mbit/s - Amendment A1
260 _aWarszawa :
_bPKN,
_c1999.
300 _a8 stron ;
_c30 cm.
336 _2rdacontent
_aTekst
_btxt
337 _2rdamedia
_aBez urządzenia pośredniczącego
_bn
338 _2rdacarrier
_aWolumin
_bnc
500 _aNiniejsza zmiana jest tłumaczeniem angielskiej wersji zmiany ETS 300 174/A1:1997, wydanej przez Europejski Instytut Norm Telekomunikacyjnych (ETSI).
500 _aWprowadza ETS 300 174/A1:1997, IDT ; Ustanowiona przez Polski Komitet Normalizacyjny dnia 27 maja 1999 r.
500 _aZmiana A1:1997 łącznie z Normą Europejską ETS 300 174:1992 ma (wraz z PN-ETS) status Polskiej Normy.
710 _91107
_aPolska.
_bPolski Komitet Normalizacyjny.
_eInstytucja sprawcza
942 _2ddc
_cBK